Sejarah migrasi penduduk Acheh ke kedah : (Record no. 104782)

MARC details
000 -LEADER
fixed length control field 00789nam a2200241 i 4500
001 - CONTROL NUMBER
control field C2-0300957
003 - CONTROL NUMBER IDENTIFIER
control field PPAK
005 - DATE AND TIME OF LATEST TRANSACTION
control field 20180728082350.0
008 - FIXED-LENGTH DATA ELEMENTS--GENERAL INFORMATION
fixed length control field 091130s2009 my |||| ||||| | may d
040 ## - CATALOGING SOURCE
Original cataloging agency PPAK
Language of cataloging eng
Transcribing agency PPAK
Description conventions rda
082 04 - DEWEY DECIMAL CLASSIFICATION NUMBER
Classification number 304.8
Edition number 23
090 00 - LOCALLY ASSIGNED LC-TYPE CALL NUMBER (OCLC); LOCAL CALL NUMBER (RLIN)
Classification number (OCLC) (R) ; Classification number, CALL (RLIN) (NR) 304.8
Feature heading HAS
Feature heading KK
100 0# - MAIN ENTRY--PERSONAL NAME
Personal name Haslinda bt Haji Hasan,
Relator term author
245 10 - TITLE STATEMENT
Title Sejarah migrasi penduduk Acheh ke kedah :
Remainder of title Dalam konteks hubungan Kedah-Acheh
264 #1 - PRODUCTION, PUBLICATION, DISTRIBUTION, MANUFACTURE, AND COPYRIGHT NOTICE
Place of production, publication, distribution, manufacture Alor Setar, Kedah :
Name of producer, publisher, distributor, manufacturer Perbadanan Perpustakaan Awam Kedah ,
Date of production, publication, distribution, manufacture, or copyright notice 2009
300 ## - PHYSICAL DESCRIPTION
Extent 30 pages ;
Dimensions 30 cm
336 ## - CONTENT TYPE
Source rdacontent
Content type term text
337 ## - MEDIA TYPE
Source rdamedia
Media type term unmediated
338 ## - CARRIER TYPE
Source rdacarrier
Carrier type term volume
500 ## - GENERAL NOTE
General note Kertas Kerja : Wacana Warisan Negeri Kedah Darul Aman 11-12 Mac 2009
650 10 - SUBJECT ADDED ENTRY--TOPICAL TERM
Topical term or geographic name entry element Emigration and Immigration
942 ## - ADDED ENTRY ELEMENTS (KOHA)
-- dc
Koha item type Book
Holdings
Withdrawn Not for loan Current library Shelving location Date acquired Total Checkouts Full call number Barcode Date last seen Koha item type
  Not For Loan Perpustakaan Alor Setar Koleksi Kedah 30/11/2009   KK 304.8 HAS A00362864 09/05/2018 Book
  Not For Loan Perpustakaan Alor Setar Koleksi Kedah 30/11/2009   KK 304.8 HAS A00362867 09/05/2018 Book